00383nam a2200121Ia 4500008004100000245004600041245001700087260000900104650000800113856004800121999001900169952007300188171211s9999 xx 000 0 und d aPaul Robeson: The Artist as Revolutionary cGerald Horne c2016 xART uhttp://down.ebook777.com/060/0745335314.pdf c348610d348610 001040aCLbCLd2017-12-11l0r2017-12-11 00:00:00w2017-12-11yCBE